logo

Bir Sreshtho Munshi Abdur Rouf Library
Jhenaidah Cadet College

বঙ্গবন্ধুর কর্মদর্শন / (Record no. 12761)

MARC details
000 -LEADER
fixed length control field 00744nam a2200241 a 4500
001 - CONTROL NUMBER
JCCL Control Number 12761
003 - CONTROL NUMBER IDENTIFIER
JCCL marc code BD-JhCC
005 - DATE AND TIME OF LATEST TRANSACTION
control field 20230510164040.0
008 - FIXED-LENGTH DATA ELEMENTS--GENERAL INFORMATION
fixed length control field 230510b2020 bg a|||| ||a| 00| 0 ben d
020 ## - INTERNATIONAL STANDARD BOOK NUMBER
International Standard Book Number 9789848179253
035 ## - SYSTEM CONTROL NUMBER
system control number (BD-JhCC)12761
040 ## - CATALOGING SOURCE
Original cataloging agency BD-JhCC
Modifying agency BD-JhCC
041 ## - LANGUAGE CODE
Language code of Book Bengali
082 ## - DEWEY DECIMAL CLASSIFICATION NUMBER
Classification number 923.1
Author mark and Year KHA 2020
100 ## - MAIN ENTRY--PERSONAL NAME
Personal name খান, মো. আরিফ উদ্দিন
245 ## - TITLE STATEMENT
Title বঙ্গবন্ধুর কর্মদর্শন /
Statement of responsibility, etc মো. আরিফ উদ্দিন খান।
260 ## - PUBLICATION, DISTRIBUTION, ETC. (IMPRINT)
Place of publication, distribution, etc ঢাকা :
Name of publisher, distributor, etc তাম্রলিপি ;
Date of publication, distribution, etc ২০২০.
300 ## - PHYSICAL DESCRIPTION
Pagination 109 p. :
Other physical details ill;
Dimensions 22 cm.
600 ## - SUBJECT ADDED ENTRY--PERSONAL NAME
Personal name Bangabandhu
650 ## - SUBJECT ADDED ENTRY--TOPICAL TERM
Topical term or geographic name as entry element Biography
942 ## - ADDED ENTRY ELEMENTS (KOHA)
Source of classification or shelving scheme Dewey Decimal Classification
Koha item type Books
Holdings
Source of classification or shelving scheme Damaged status Not for loan Home library Current library Shelving location Date of accession Total Checkouts Full call number Barcode Date last seen Date checked out Copy number Method of acquisition Koha item type Currency
Dewey Decimal Classification     JCC Rouf Library JCC Rouf Library General Stacks 05/10/2023 1 923.1 KHA 2020 17062 03/06/2024 03/04/2024 C-1 Purchase Books BDT

JCC Library | Contacts | JCC Home

Last Update on 23 September 2017
Copyright @ 2017-2020 JCC Rouf Library
Rouf Library, Jhenidah Cadet College (JCC), Bangladesh